000 00641nam a2200229Ia 4500
003 OSt
005 20220923230737.0
006 a|||||r|||| 00| 0
007 ta
008 Pun
024 _a305,221
037 _cTextual
040 _aARTS
_cARTS
_bPun
041 _2Pun
_aPun
082 _aQ8441:332wI63, 153K7
100 _aਸਾਹਿਬ ਸਿੰਘ
245 0 _aਜੀਵਨ - ਬ੍ਰਿਤਾਂਤ ਸ੍ਰੀ ਗੁਰੂ ਅਰਜਨ ਦੇਵ ਜੀ
260 _c1967
650 _aਧਰਮ
942 _hQ8441:332wI63, 153K7
_cTEXL
_2CC
999 _c387024
_d387024